[Event "FRM-chT2 GpB"]
[Site "Ohrid"]
[Date "2021.07.04"]
[Round "2.5"]
[White "Jovanovski, Zoran B"]
[Black "Trajkovski, Mile"]
[Result "1/2-1/2"]
[WhiteElo "1469"]
[BlackElo "2070"]
[PlyCount "79"]
[EventDate "2021.07.03"]
[EventType "team-tourn"]
[EventRounds "5"]
[EventCountry "MKD"]
[SourceTitle "EXT 2022"]
[Source "ChessBase"]
[SourceDate "2021.10.06"]
[SourceVersion "1"]
[SourceVersionDate "2021.10.06"]
[SourceQuality "1"]
[WhiteTeam "Bitola Stevo Patako"]
[BlackTeam "Skopje Shkupi"]
[WhiteTeamCountry "MKD"]
[BlackTeamCountry "MKD"]

1. d4 e5 2. dxe5 Qe7 3. Nf3 Nc6 4. Nc3 Nxe5 5. Nxe5 Qxe5 6. Qd5 Bd6 7. Qxe5+ Bxe5 8. Bd2 c6 9. e4 Ne7 10. 0-0-0 0-0 11. f4 Bc7 12. Bd3 d6 13. Be3 Bg4 14. Rdf1 Rfe8 15. h3 Bd7 16. Re1 d5 17. exd5 Nxd5 18. Nxd5 cxd5 19. g3 b6 20. Bd4 Bd6 21. Kd2 h6 22. h4 Bc6 23. Rxe8+ Rxe8 24. Re1 Rxe1 25. Kxe1 Kf8 26. Kf2 f6 27. Ke3 Ke7 28. Kf3 Bd7 29. h5 Bc5 30. c3 Bxd4 31. cxd4 Kd6 32. Ke3 a5 33. Kd2 b5 34. a3 b4 35. axb4 axb4 36. b3 Bg4 37. Bg6 Ke6 38. Be8 Ke7 39. Bg6 Ke6 40. Be8 1/2-1/2

[Event "FRM-ch op"]
[Site "Ohrid"]
[Date "2019.08.30"]
[Round "9"]
[White "Angjelkoski, Metodija"]
[Black "Jovanovski, Zoran B"]
[Result "1-0"]
[WhiteElo "1829"]
[BlackElo "1509"]
[PlyCount "71"]
[EventDate "2019.08.24"]
[EventType "swiss"]
[EventRounds "9"]
[EventCountry "MKD"]
[SourceTitle "EXT 2020"]
[Source "ChessBase"]
[SourceDate "2019.10.17"]
[SourceVersion "1"]
[SourceVersionDate "2019.10.17"]
[SourceQuality "1"]

1. e4 d6 2. Bc4 Nf6 3. Qe2 Nbd7 4. f4 e5 5. Nf3 Be7 6. d4 0-0 7. fxe5 dxe5 8. dxe5 Ne8 9. e6 fxe6 10. Bxe6+ Kh8 11. 0-0 Ndf6 12. Rd1 Bc5+ 13. Kh1 Qe7 14. Bxc8 Rxc8 15. Nc3 c6 16. Bg5 Qc7 17. Na4 Be7 18. e5 Nd5 19. c4 Nf4 20. Qe3 Ne6 21. Bxe7 Qxe7 22. Rd2 b6 23. Rad1 N8c7 24. Nc3 Qc5 25. Qxc5 Nxc5 26. Rd6 Ne8 27. Rd8 Nc7 28. Rxc8 Rxc8 29. h3 N5e6 30. Ne4 Rd8 31. Rd6 c5 32. Nfg5 Re8 33. Nxe6 Nxe6 34. Rd7 h6 35. Nd6 Nd4 36. Nxe8 1-0